00885nam a22002177a 450000500170000001000150001702000260003203500140005803700130007208200180008510000250010324501240012825000100025226000680026227000900033030000280042070000330044894200320048199900190051395201350053220230918141250.0 aENG-138094 a9789357053143c550.00 aEN-121626 bDBAD/PUB a330.192First aPrakash, B.A 956822 aKerala's Economic Development:bCovid-19 Pandemic, Economic Crisis and Public Policy/ cBy B.A Prakash and Jerry Alwin  aFirst aUttar PradeshbPearson India Education Services Pvt. Ltd.c2023 a1st Floor, Berger Tower, Plot No. C-001A/2, Sector 16BbNoida (Uttar Pradesh)e201301 a408p.c23cm(pbk)bIndex aAlwin, Jerry eAuthor956823 2ddccENh330.19mPRAeFirst c198281d198281 001040708NFICaZLSbZLSd2023-09-18eDBAD/PUBg550.00l0o330.19 PRApEN-121626r2023-09-18 00:00:00t1v550.00w2023-09-18yEN